000 01256cam a2200385 a 4500
001 data
005 20260322212114.0
008 data
035 _a1582347
906 _a7
_bcbc
_corignew
_d2
_eopcn
_f19
_gy-gencatlg
010 _a 93085304
020 _a0963195727
020 _a9780963195722
035 _9(DLC) 93085304
040 _aDLC
_cDLC
_dDLC
042 _alcac
050 0 0 _aPZ10.3.M29695
_bTo 1993
082 0 0 _a[Fic]
_220
100 1 _aMalone, P. M.
245 1 0 _aTo find a way home /
_cby P.M. Malone ; illustrated by Terry Lewison.
260 _a[Willmar, MN] :
_bRaspberry Hill,
_c[c1993]
300 _axvi, 191 p. :
_bill., map ;
_c22 cm.
336 _atext
_btxt
_2rdacontent
337 _aunmediated
_bn
_2rdamedia
338 _avolume
_bnc
_2rdacarrier
440 0 _aDeep woods adventure ;
_vbk. 3
650 0 _aAnimals
_xJuvenile fiction.
650 1 _aAnimals
_xFiction.
700 1 _aLewison, Terry,
_eill.
710 2 _aRaspberry Hill, Ltd. (Willmar, Minn.)
922 _aco
991 _bc-GenColl
_hPZ10.3.M29695
_iTo 1993
_p00019079594
_tCopy 1
_wBOOKS
999 _c1719
_d1719